| 000 | 00667nam a2200217Ia 4500 | ||
|---|---|---|---|
| 001 | 14607 | ||
| 003 | GE_BSU | ||
| 008 | 181216s||||||||xx |||||||||||||| ||und|| | ||
| 040 | _cGE_BSU | ||
| 080 | _a821.353.1-31 | ||
| 100 | _aმოდებაძე,ნოდარ | ||
| 245 | _aყვავილობიდან ფოთოლცვენამდე | ||
| 245 | _bრომანი | ||
| 260 | _aბათუმი | ||
| 260 | _bსაბჭ. აჭარა | ||
| 260 | _c1970 | ||
| 300 | _a199გვ.15სმ. | ||
| 653 | _aრომანი | ||
| 653 | _aყვავილობიდან ფოთოლცვენამდე | ||
| 942 | _cBK | ||
| 999 |
_c47736 _d47736 |
||